Võ Nguyên Giáp

Na minha lista:
Detalhes bibliográficos
Formato: Livro
Tags: Adicionar Tag
Sem tags, seja o primeiro a adicionar uma tag!
Thư viện lưu trữ: Mạng thư viện Đại học Đà Nẵng
LEADER 00549nam a2200205 4500
001 000007419
003 3581
005 20150812140859.0
008 111003s sd
082 1 |a 355.009597  |b VO-G 
245 0 0 |a Võ Nguyên Giáp 
774 |a Võ Nguyên Giáp  |d Quân đội nhân dân  |d H.  |d 2006  |g T.2  |h 1322 tr.  |w 3583 
OWN |a LSP 
999 |a From the UDN01 
TYP |a Monograph 
TYP |a Printed language 
980 |a Mạng thư viện Đại học Đà Nẵng